Sports Quiz

Random Sports Quiz

Yankee Batting Average Leaders Alltime Quiz Stats

 Plays Quiz not verified by Sporcle

Challenge
Share
Tweet
Embed
Score 0/10 Timer 02:00
0 Plays Today
% Correct
B. Ruth
99%
L. Gehrig
97.5%
D. Jeter
97.5%
J. DiMaggio
93.1%
D. Mattingly
73.8%
B. Dickey
46.5%
R. Cano
43.1%
E. Combs
39.1%
W. Boggs
31.2%
B. Meusel
21.8%

You're not logged in!

Compare scores with friends on all Sporcle quizzes.
Join for Free
OR
Log In

You Might Also Like...

Show Comments

Extras

Top Quizzes Today


Score Distribution

Your Account Isn't Verified!

In order to create a playlist on Sporcle, you need to verify the email address you used during registration. Go to your Sporcle Settings to finish the process.

Report this User

Report this user for behavior that violates our Community Guidelines.

Details: